000 00470nam a2200181Ia 4500
005 20221230093739.0
008 131103s9999 xx 000 0 und d
040 _aLoreto College
041 _aEnglish
082 _a822.1
_bFRA
100 _aFranklin, Alexander
245 _aSeven miracle plays
_cAlexander Franklin
260 _aLondon
_bOxford University Press
_c1963
300 _a158p.
650 _aEnglish drama-collection
850 _aLCLIB
942 _cBK
999 _c22760
_d73239